000 00864nas a2200277 4500
001 BR9502588
003 BR-BrBNA
005 20231205094008.0
007 ta
008 230509b bl.|||p| |||| 00| 00por d
040 _aBR-BrBNA
_bpor
_cBiblioteca Nacional de Agricultura
041 _a(Pt)
072 _aJ11
100 1 _aLima, L.C.O.
100 1 _aChitarra, A.B.
100 1 _aChitarra, M.I.F.
245 1 _aTransformacoes pos-colheita da parede celular de tomates (Lycopersicon esculentum, Mill)cv. Santa Clara: suas interacoes com calcio
650 _aTomate
650 _aPos-Colheita
650 _aTextura
650 _aEnzima
650 _aMaturacao
773 0 _tCiencia e Tecnologia de Alimentos (Brazil)
_xISSN 0101-2061
_g(Jan-Jun 1994), v. 14(1) p. 64-75
_wBR9502588
909 _a202311
_bLúcia
_c55
_dLúcia Elande
942 _2AGRIS
_n0
_cANA
999 _c141499
_d141499